000 00945 a2200445 4500
000 BKB
001 135687
005 20200902152901.0
008
010 _a
020 _a0720612454
082 _a822.33
_bF88D
100 1 _aFreund, Philip
110 _a
245 1 _aDramatis personae : the rise of medieval and renaissance theatre
_cby Philip Freund
250 _a
260 _aLondon
_bPeter Owen Publishers
_c2006
300 _a931p.
490 _a
_v
500 _a
600 _a
610 _a
611 _a
630 _a
650 _a
651 _a
654 _a
690 _aTheater; Europe; European drama; Shakespeare, William, 1564-1616
700 _a
_b
_c
710 _a
_b
_c
711 _a
720 _a
730 _a
740 _a
752 _a
856 _a
_d
_f
904 _a
964 _a
_b
_c
_d
_e
_f
_g
965 _a
999 _c8992
_d8992